[Event "EU-chT U18"]
[Site "Terme Catez"]
[Date "2025.07.08"]
[Round "4.4"]
[White "Leitgeb, Julian"]
[Black "Kejna, Piotr"]
[Result "1/2-1/2"]
[WhiteElo "2317"]
[BlackElo "2288"]
[PlyCount "116"]
[EventDate "2025.07.05"]
[EventType "team-swiss"]
[EventRounds "7"]
[EventCountry "SLO"]
[SourceTitle "CB29_2025"]
[SourceDate "2025.07.16"]
[SourceVersion "1"]
[SourceVersionDate "2025.07.16"]
[SourceQuality "1"]
[WhiteTeam "Austria"]
[BlackTeam "Poland"]
[WhiteTeamCountry "AUT"]
[BlackTeamCountry "POL"]

1. e4 c5 2. Nf3 d6 3. d4 cxd4 4. Nxd4 Nf6 5. Nc3 Nc6 6. Bg5 e6 7. Qd2 a6 8. 0-0-0 Bd7 9. f3 Be7 10. Nxc6 Bxc6 11. Kb1 b5 12. h4 Rc8 13. Ne2 Qc7 14. Nd4 Bb7 15. Bd3 h6 16. Be3 Nd7 17. g4 d5 18. g5 dxe4 19. fxe4 hxg5 20. hxg5 Rxh1 21. Rxh1 Nf8 22. Qf2 Qd7 23. Rf1 Bd6 24. Nb3 Ng6 25. Bd4 e5 26. Be3 Qe7 27. Qg2 Rc7 28. Qh3 Bc8 29. Qg2 Be6 30. Be2 Qd7 31. Rd1 Qc6 32. Bh5 Nf8 33. Na5 Qd7 34. Nb3 Qe7 35. Qf2 Rc4 36. Qg2 g6 37. Be2 Rc8 38. Bf3 Qc7 39. Qf2 Nd7 40. Qd2 Ke7 41. Na5 Nc5 42. Nb3 Nb7 43. Qf2 Qc4 44. Qe2 Qc6 45. Rc1 a5 46. Nd2 a4 47. c3 Na5 48. Bg4 Bxg4 49. Qxg4 Nc4 50. Nxc4 Qxc4 51. Qf3 Qd3+ 52. Ka1 Qc4 53. Qf6+ Kd7 54. Rd1 Qe6 55. Qf1 Qc4 56. Qf6 Qe6 57. Qf1 Qc4 58. Qf6 Qe6 1/2-1/2

[Event "Titled Tuesday intern op 18th Mar Late"]
[Site "Chess.com INT"]
[Date "2025.03.18"]
[Round "3"]
[White "Leitgeb, Julian"]
[Black "Souleidis, Georgios"]
[Result "0-1"]
[WhiteElo "2311"]
[BlackElo "2418"]
[PlyCount "78"]
[EventDate "2025.03.18"]
[EventType "swiss (blitz)"]
[EventRounds "11"]
[EventCountry "USA"]
[SourceTitle "CB13_2025"]
[SourceDate "2025.03.26"]
[SourceVersion "1"]
[SourceVersionDate "2025.03.26"]
[SourceQuality "1"]

1. Nf3 Nf6 2. g3 g6 3. Bg2 Bg7 4. 0-0 0-0 5. c4 d6 6. d4 Nc6 7. Nc3 e5 8. d5 Nb8 9. c5 Ne8 10. cxd6 cxd6 11. e4 Nd7 12. b4 a5 13. Ba3 axb4 14. Bxb4 b6 15. a4 Nc5 16. Nb5 Ba6 17. Nd2 Nc7 18. Qe2 Nxa4 19. Rxa4 Bxb5 20. Rxa8 Qxa8 21. Nc4 Qa6 22. Rc1 Rc8 23. Bf1 Ne8 24. Bd2 Qa2 25. Be3 Qa6 26. Qd3 Nf6 27. f3 Bf8 28. Qb3 Nd7 29. Qb4 Nc5 30. Nb2 Bxf1 31. Rxf1 Qe2 32. Qd2 Qb5 33. h4 Nb3 34. Qf2 Nd4 35. Rc1 Rxc1+ 36. Bxc1 Qb3 37. Kg2 h5 38. Be3 Bg7 39. Nd1 Qxd1 0-1

[Event "Titled Tuesday intern op 18th Mar Late"]
[Site "Chess.com INT"]
[Date "2025.03.18"]
[Round "1"]
[White "To, Nhat Minh"]
[Black "Leitgeb, Julian"]
[Result "0-1"]
[WhiteElo "2298"]
[BlackElo "2311"]
[PlyCount "102"]
[EventDate "2025.03.18"]
[EventType "swiss (blitz)"]
[EventRounds "11"]
[EventCountry "USA"]
[SourceTitle "CB13_2025"]
[SourceDate "2025.03.26"]
[SourceVersion "1"]
[SourceVersionDate "2025.03.26"]
[SourceQuality "1"]

1. d4 d5 2. Nf3 g6 3. c4 c6 4. cxd5 cxd5 5. Nc3 Bg7 6. Bf4 Nc6 7. e3 Nf6 8. h3 0-0 9. Bd3 Bf5 10. Bxf5 gxf5 11. g4 fxg4 12. hxg4 Ne4 13. Nxe4 dxe4 14. Ng5 e5 15. dxe5 h6 16. Nxe4 Nxe5 17. Bxe5 Bxe5 18. Rxh6 Bxb2 19. Qxd8 Rfxd8 20. Rb1 Bg7 21. Rh5 b6 22. a4 Rac8 23. a5 Rc4 24. axb6 axb6 25. Ng3 Bc3+ 26. Kf1 Ba5 27. Nf5 Rd2 28. Nd4 Bc3 29. Nf3 Rb2 30. Rd1 Rxg4 31. Rd8+ Kg7 32. Rhh8 Kf6 33. Rd6+ Ke7 34. Rc6 Bxh8 35. Rc7+ Kf8 36. Rc8+ Kg7 37. Nd4 Kh7 38. Nf5 Rb1+ 39. Ke2 Rg5 40. Nd6 Rb2+ 41. Kf3 Rg6 42. Nxf7 Rf6+ 43. Ke4 Rxf7 44. f4 Rb4+ 45. Kf3 Re7 46. Rb8 Rb3 47. Kg4 Rbxe3 48. f5 R3e4+ 49. Kg5 Rg7+ 50. Kh5 Re1 51. f6 Rh1# 0-1

[Event "Titled Tuesday intern op 18th Mar Late"]
[Site "Chess.com INT"]
[Date "2025.03.18"]
[Round "6"]
[White "Yelisieiev, Yevhenii"]
[Black "Leitgeb, Julian"]
[Result "0-1"]
[WhiteElo "2421"]
[BlackElo "2311"]
[PlyCount "62"]
[EventDate "2025.03.18"]
[EventType "swiss (blitz)"]
[EventRounds "11"]
[EventCountry "USA"]
[SourceTitle "CB13_2025"]
[SourceDate "2025.03.26"]
[SourceVersion "1"]
[SourceVersionDate "2025.03.26"]
[SourceQuality "1"]

1. d4 d5 2. c4 e6 3. Nc3 h6 4. Nf3 Nf6 5. g3 Bd6 6. Bg2 0-0 7. 0-0 a5 8. Ne5 c6 9. f4 Nbd7 10. b3 Qc7 11. e4 dxe4 12. Nxe4 Nxe4 13. Bxe4 c5 14. Bc2 cxd4 15. Qd3 f5 16. Nf3 Nc5 17. Qe2 d3 18. Bxd3 Nxd3 19. Qxd3 b6 20. Bb2 Bb7 21. Rad1 Rad8 22. Qe2 Bc5+ 23. Nd4 Qc6 24. Kf2 e5 25. fxe5 f4 26. Ke1 Qg6 27. gxf4 Bb4+ 28. Kf2 Rxf4+ 29. Nf3 Rxd1 30. Rxd1 Rxf3+ 31. Qxf3 Bxf3 0-1

[Event "Titled Tuesday intern op 18th Mar Late"]
[Site "Chess.com INT"]
[Date "2025.03.18"]
[Round "8"]
[White "Zhao, Zhouqiao"]
[Black "Leitgeb, Julian"]
[Result "0-1"]
[WhiteElo "2171"]
[BlackElo "2311"]
[PlyCount "90"]
[EventDate "2025.03.18"]
[EventType "swiss (blitz)"]
[EventRounds "11"]
[EventCountry "USA"]
[SourceTitle "CB13_2025"]
[SourceDate "2025.03.26"]
[SourceVersion "1"]
[SourceVersionDate "2025.03.26"]
[SourceQuality "1"]

1. d4 d5 2. c4 e6 3. Nc3 h6 4. Nf3 Nf6 5. cxd5 exd5 6. Bf4 c6 7. e3 Bd6 8. Bxd6 Qxd6 9. Be2 0-0 10. 0-0 Bf5 11. Bd3 Bxd3 12. Qxd3 Nbd7 13. b4 a6 14. a4 b5 15. Rab1 Nb6 16. Rfc1 Nc4 17. e4 dxe4 18. Nxe4 Nxe4 19. Qxe4 Rfe8 20. Qf5 Rad8 21. h3 Re6 22. axb5 axb5 23. Rd1 Rf6 24. Qc5 Re6 25. d5 cxd5 26. Nd4 Rg6 27. Qxd6 Nxd6 28. Nc6 Re8 29. Rxd5 Kh7 30. Rbd1 Ne4 31. Ne5 Rge6 32. Nf3 Nc3 33. R1d3 Nxd5 34. Rxd5 Rb8 35. Ne5 f6 36. Nd3 Re2 37. Rc5 Rd2 38. Nf4 Rd4 39. g3 Rxb4 40. Rc7 Rc4 41. Rd7 b4 42. Nh5 b3 43. Nxg7 b2 44. Nf5+ Kg8 45. Nxh6+ Kf8 0-1

[Event "Titled Tuesday intern op 25th Feb Early"]
[Site "Chess.com INT"]
[Date "2025.02.25"]
[Round "2"]
[White "Ivashentseva, Dominika"]
[Black "Leitgeb, Julian"]
[Result "1-0"]
[WhiteElo "1869"]
[BlackElo "2289"]
[PlyCount "77"]
[EventDate "2025.02.25"]
[EventType "swiss (blitz)"]
[EventRounds "11"]
[EventCountry "USA"]
[SourceTitle "CB10_2025"]
[SourceDate "2025.03.05"]
[SourceVersion "1"]
[SourceVersionDate "2025.03.05"]
[SourceQuality "1"]

1. d4 d5 2. c4 c6 3. Nf3 Nf6 4. g3 e6 5. Bg2 Be7 6. 0-0 0-0 7. Nc3 a5 8. b3 Nbd7 9. Bb2 b6 10. Qc2 Bb7 11. Rac1 Rc8 12. Rfd1 c5 13. dxc5 bxc5 14. cxd5 exd5 15. Nb5 Qb6 16. a4 Bc6 17. Qd3 Rb8 18. Ne5 Nxe5 19. Bxe5 Bxb5 20. axb5 Rbd8 21. Bxf6 Bxf6 22. Bxd5 Bd4 23. Qc4 Qd6 24. Bf3 Qf6 25. Kg2 Rc8 26. e3 Bb2 27. Rc2 Ba3 28. Rcd2 Bb4 29. Rd6 Qe5 30. b6 Rb8 31. b7 g6 32. Rd7 Kg7 33. R1d5 Qf6 34. R5d6 Qe5 35. Rc6 a4 36. bxa4 Ba5 37. Rxc5 Qe8 38. Qd4+ Kg8 39. Rxa5 1-0

[Event "Titled Tuesday intern op 25th Feb Early"]
[Site "Chess.com INT"]
[Date "2025.02.25"]
[Round "1"]
[White "Leitgeb, Julian"]
[Black "Lazavik, Denis"]
[Result "0-1"]
[WhiteElo "2289"]
[BlackElo "2572"]
[PlyCount "66"]
[EventDate "2025.02.25"]
[EventType "swiss (blitz)"]
[EventRounds "11"]
[EventCountry "USA"]
[SourceTitle "CB10_2025"]
[SourceDate "2025.03.05"]
[SourceVersion "1"]
[SourceVersionDate "2025.03.05"]
[SourceQuality "1"]

1. e4 e5 2. Nf3 d6 3. d4 exd4 4. Nxd4 Nf6 5. Nc3 Be7 6. Bf4 0-0 7. Qd2 Nc6 8. 0-0-0 Nxd4 9. Qxd4 Be6 10. f3 a6 11. g4 b5 12. Nd5 Nxd5 13. exd5 Bd7 14. Qd2 a5 15. Bd3 b4 16. h4 Re8 17. Kb1 a4 18. h5 h6 19. Bxh6 a3 20. b3 Bf6 21. g5 Bc3 22. Qg2 gxh6 23. gxh6+ Kh8 24. h7 Qf6 25. h6 Ba1 26. c3 Bxc3 27. Rdg1 Ba1 28. Qg7+ Qxg7 29. hxg7+ Bxg7 30. Rh5 f5 31. Bxf5 Re5 32. Rhg5 Bxf5+ 33. Kc1 Bh6 0-1

[Event "Titled Tuesday intern op 25th Feb Early"]
[Site "Chess.com INT"]
[Date "2025.02.25"]
[Round "10"]
[White "Leitgeb, Julian"]
[Black "Osinovsky, Stepan"]
[Result "1-0"]
[WhiteElo "2289"]
[BlackElo "2235"]
[PlyCount "71"]
[EventDate "2025.02.25"]
[EventType "swiss (blitz)"]
[EventRounds "11"]
[EventCountry "USA"]
[SourceTitle "CB10_2025"]
[SourceDate "2025.03.05"]
[SourceVersion "1"]
[SourceVersionDate "2025.03.05"]
[SourceQuality "1"]

1. d4 Nf6 2. Nf3 g6 3. Nc3 Bg7 4. e4 0-0 5. Be2 d6 6. Be3 e5 7. Qd2 Ng4 8. Bg5 f6 9. Bh4 Nc6 10. h3 Nh6 11. 0-0-0 exd4 12. Nxd4 Nxd4 13. Qxd4 Be6 14. Qd2 Nf7 15. g4 Qe7 16. f4 Rae8 17. Kb1 Qd7 18. f5 Ng5 19. fxe6 Qxe6 20. Bxg5 fxg5 21. Qd5 Kh8 22. Qxe6 Rxe6 23. Bc4 Re5 24. Rhf1 Rfe8 25. Rf7 b5 26. Bd3 b4 27. Nd5 c6 28. Nxb4 Rc5 29. b3 Bc3 30. Na6 Ra5 31. Rdf1 Ree5 32. Rd7 Re8 33. Rff7 d5 34. Rxh7+ Kg8 35. Rhe7 Rf8 36. Nc7 1-0

[Event "Titled Tuesday intern op 25th Feb Early"]
[Site "Chess.com INT"]
[Date "2025.02.25"]
[Round "7"]
[White "Leitgeb, Julian"]
[Black "Vasilenok, Anton"]
[Result "1-0"]
[WhiteElo "2289"]
[BlackElo "2137"]
[PlyCount "69"]
[EventDate "2025.02.25"]
[EventType "swiss (blitz)"]
[EventRounds "11"]
[EventCountry "USA"]
[SourceTitle "CB10_2025"]
[SourceDate "2025.03.05"]
[SourceVersion "1"]
[SourceVersionDate "2025.03.05"]
[SourceQuality "1"]

1. d4 Nf6 2. Nf3 c5 3. c3 d5 4. Bf4 Nc6 5. dxc5 e6 6. b4 a5 7. b5 Na7 8. a4 Bxc5 9. e3 0-0 10. Nbd2 b6 11. Bd3 Bb7 12. h4 Ne4 13. Ng5 f5 14. Nxe6 Qf6 15. Nxf8 Rxf8 16. Nxe4 fxe4 17. Be2 Qxc3+ 18. Kf1 d4 19. Rc1 Qb2 20. Rc2 Qa3 21. Bc4+ Kh8 22. exd4 Re8 23. dxc5 e3 24. Bxe3 bxc5 25. Rh3 Qxa4 26. Rg3 Be4 27. Bd3 Bxd3+ 28. Qxd3 Qa1+ 29. Rc1 Qb2 30. Qc3 Qxc3 31. Rxc3 Nxb5 32. Rxc5 Nd6 33. Rxa5 Ne4 34. Rg4 Nf6 35. Rga4 1-0

[Event "Wch U16 blitz"]
[Site "Terme Catez"]
[Date "2024.12.16"]
[Round "20"]
[White "Banh, Gia Huy"]
[Black "Leitgeb, Julian"]
[Result "1-0"]
[WhiteElo "2252"]
[BlackElo "2146"]
[PlyCount "67"]
[EventDate "2024.12.16"]
[EventType "swiss (blitz)"]
[EventRounds "22"]
[EventCountry "SLO"]
[SourceTitle "CB51_2024"]
[SourceDate "2024.12.18"]
[SourceVersion "1"]
[SourceVersionDate "2024.12.18"]
[SourceQuality "1"]

1. e4 c5 2. Nf3 d6 3. d4 cxd4 4. Nxd4 Nf6 5. Nc3 a6 6. Bg5 Nbd7 7. Qe2 h6 8. Bxf6 Nxf6 9. f4 e5 10. fxe5 dxe5 11. Nf3 Qa5 12. 0-0-0 Be6 13. Nd5 Bxd5 14. exd5 e4 15. Kb1 Bd6 16. Nd2 0-0 17. Nxe4 Be5 18. Nd2 Rfe8 19. Nc4 Qc7 20. Nxe5 Rxe5 21. Qf3 Rd8 22. c4 b5 23. cxb5 axb5 24. Bxb5 Rexd5 25. Rxd5 Rxd5 26. Ba4 Rd2 27. Rd1 Rxd1+ 28. Bxd1 Qxh2 29. a4 Qe5 30. Bb3 Qe1+ 31. Ka2 Qb4 32. Qa8+ Kh7 33. Bxf7 Nd7 34. Qg8# 1-0

[Event "Wch U16 blitz"]
[Site "Terme Catez"]
[Date "2024.12.16"]
[Round "17"]
[White "Leitgeb, Julian"]
[Black "Povshednyi, Ivan"]
[Result "1-0"]
[WhiteElo "2146"]
[BlackElo "2230"]
[PlyCount "91"]
[EventDate "2024.12.16"]
[EventType "swiss (blitz)"]
[EventRounds "22"]
[EventCountry "SLO"]
[SourceTitle "CB51_2024"]
[SourceDate "2024.12.18"]
[SourceVersion "1"]
[SourceVersionDate "2024.12.18"]
[SourceQuality "1"]

1. e4 c6 2. d4 d5 3. e5 Bf5 4. h4 h5 5. Bd3 Bxd3 6. Qxd3 Qa5+ 7. Nd2 e6 8. Ngf3 Nh6 9. 0-0 Nf5 10. Nb3 Qb5 11. Qd1 c5 12. a4 Qb6 13. a5 Qb5 14. Nxc5 Bxc5 15. dxc5 Qxc5 16. c3 Nc6 17. Re1 a6 18. Bg5 0-0 19. Nh2 d4 20. cxd4 Qxd4 21. Qe2 Rac8 22. Rad1 Qc5 23. g4 hxg4 24. Nxg4 Ncd4 25. Qe4 Qd5 26. Qf4 Nf3+ 27. Kf1 Qb5+ 28. Re2 N3xh4 29. Bxh4 Rc2 30. Rde1 Nxh4 31. Nf6+ gxf6 32. Qxh4 Rxe2 33. Rxe2 Rc8 34. Qg4+ Kf8 35. exf6 Rc1+ 36. Kg2 Qd5+ 37. f3 Qf5 38. Qg7+ Ke8 39. Qg8+ Kd7 40. Qxf7+ Kc6 41. Qxe6+ Qxe6 42. Rxe6+ Kd7 43. Re7+ Kd6 44. Rxb7 Rc8 45. Rb6+ Ke5 46. Rxa6 1-0

[Event "Wch U16 blitz"]
[Site "Terme Catez"]
[Date "2024.12.16"]
[Round "8"]
[White "Leitgeb, Julian"]
[Black "Wimmer, Michael"]
[Result "0-1"]
[WhiteElo "2146"]
[BlackElo "2008"]
[PlyCount "120"]
[EventDate "2024.12.16"]
[EventType "swiss (blitz)"]
[EventRounds "22"]
[EventCountry "SLO"]
[SourceTitle "CB51_2024"]
[SourceDate "2024.12.18"]
[SourceVersion "1"]
[SourceVersionDate "2024.12.18"]
[SourceQuality "1"]

1. e4 e5 2. Nf3 Nc6 3. Bc4 Bc5 4. c3 Nf6 5. d3 a6 6. b4 Ba7 7. a4 d6 8. Nbd2 h6 9. Qb3 Qe7 10. Nf1 Be6 11. Ne3 0-0 12. 0-0 Kh8 13. Bb2 Nh5 14. Rfe1 Nf4 15. d4 Bxc4 16. Nxc4 Nd3 17. Re2 Qf6 18. Rd1 Nf4 19. Re3 Rad8 20. b5 axb5 21. axb5 Ne7 22. b6 Bxb6 23. Nxb6 cxb6 24. Qxb6 Neg6 25. c4 Qe7 26. Rd2 Rc8 27. Rc3 Rc6 28. Qb5 Rfc8 29. Ba3 exd4 30. Nxd4 Qxe4 31. Nf3 Rxc4 32. Rxc4 Qxc4 33. Qxc4 Rxc4 34. g3 Ne6 35. Bxd6 Rc6 36. Bb4 b5 37. Rd5 Rb6 38. Kg2 Ne7 39. Bxe7 b4 40. Rd2 Rb7 41. Bd6 b3 42. Rb2 g6 43. Be5+ Kg8 44. Nd2 Rb5 45. Bc3 Nc5 46. Bd4 Ne6 47. Be3 g5 48. Rxb3 Rd5 49. Ne4 Kg7 50. Rb7 Kg6 51. Nc3 Rd3 52. Nb5 Rd5 53. Nc3 Rd3 54. Ne4 Rd5 55. h3 Ra5 56. Nd6 f6 57. Rb6 Nc7 58. Ne4 Nd5 59. Rd6 Kf5 60. Kf3 Ke5 0-1

[Event "SLO-chT 34th"]
[Site "Grosuplje"]
[Date "2024.09.28"]
[Round "2.3"]
[White "Leitgeb, Julian"]
[Black "Cigan, Stefan"]
[Result "1/2-1/2"]
[WhiteElo "2299"]
[BlackElo "2325"]
[PlyCount "86"]
[EventDate "2024.09.27"]
[EventType "team-tourn"]
[EventRounds "9"]
[EventCountry "SLO"]
[SourceTitle "CB40_2024"]
[Source "Chessbase"]
[SourceDate "2024.10.02"]
[SourceVersion "1"]
[SourceVersionDate "2024.10.02"]
[SourceQuality "1"]
[WhiteTeam "Maribor Branik"]
[BlackTeam "Murska Sobota Pomgrad"]
[WhiteTeamCountry "SLO"]
[BlackTeamCountry "SLO"]

1. e4 c5 2. Nf3 Nc6 3. d4 cxd4 4. Nxd4 g6 5. c4 Nf6 6. Nc3 d6 7. Be2 Nxd4 8. Qxd4 Bg7 9. Be3 0-0 10. Qd3 a5 11. 0-0 a4 12. Bd4 Qa5 13. f4 Re8 14. Rad1 e5 15. Be3 Ng4 16. Bxg4 Bxg4 17. Rc1 exf4 18. Bd4 Bxd4+ 19. Qxd4 Qe5 20. Qxe5 Rxe5 21. Rxf4 Be6 22. b3 axb3 23. axb3 f5 24. exf5 Bxf5 25. Rf2 Ra3 26. Rb2 Re3 27. Kf2 Rd3 28. Ke2 g5 29. Nd5 Kg7 30. Rc3 Rd4 31. Ne3 Bg6 32. Nc2 Re4+ 33. Re3 Ra5 34. Rxe4 Bxe4 35. Ne3 Kf6 36. Rd2 Ke5 37. Ng4+ Ke6 38. Ke3 Bf5 39. Nf2 Ra3 40. Rb2 b6 41. Kd4 Ra1 42. Re2+ Kd7 43. Ne4 Bxe4 1/2-1/2

[Event "EU-ch U16"]
[Site "Prague"]
[Date "2024.08.31"]
[Round "9"]
[White "Sawicki, Dorian"]
[Black "Leitgeb, Julian"]
[Result "1/2-1/2"]
[WhiteElo "2030"]
[BlackElo "2313"]
[PlyCount "51"]
[EventDate "2024.08.22"]
[EventType "swiss"]
[EventRounds "9"]
[EventCountry "CZE"]
[SourceTitle "CBM 221 Extra"]
[Source "ChessBase"]
[SourceDate "2024.09.30"]
[SourceVersion "1"]
[SourceVersionDate "2024.09.30"]
[SourceQuality "1"]

1. d4 Nf6 2. c4 e6 3. Nf3 d5 4. cxd5 exd5 5. Nc3 c6 6. Bg5 h6 7. Bh4 Bf5 8. e3 Nbd7 9. Bd3 Bxd3 10. Qxd3 Be7 11. 0-0 0-0 12. Bg3 Ne8 13. Rad1 Nd6 14. b3 Nf6 15. Nd2 Rc8 16. f3 Nh5 17. Bf2 f5 18. Ne2 Bh4 19. g3 Be7 20. e4 fxe4 21. fxe4 dxe4 22. Nxe4 Nxe4 23. Qxe4 Nf6 24. Qe6+ Kh7 25. Nf4 Qd7 26. d5 1/2-1/2

[Event "EU-ch U16"]
[Site "Prague"]
[Date "2024.08.23"]
[Round "2"]
[White "Leitgeb, Julian"]
[Black "Oruzinsky, Juraj"]
[Result "0-1"]
[WhiteElo "2313"]
[BlackElo "2166"]
[PlyCount "84"]
[EventDate "2024.08.22"]
[EventType "swiss"]
[EventRounds "9"]
[EventCountry "CZE"]
[SourceTitle "CBM 221 Extra"]
[Source "ChessBase"]
[SourceDate "2024.09.30"]
[SourceVersion "1"]
[SourceVersionDate "2024.09.30"]
[SourceQuality "1"]

1. e4 c5 2. Nf3 Nc6 3. d4 cxd4 4. Nxd4 g6 5. c4 Nf6 6. Nc3 Nxd4 7. Qxd4 d6 8. Be2 Bg7 9. Be3 0-0 10. Qd3 a5 11. 0-0 a4 12. Bd4 Qa5 13. f4 Be6 14. Rad1 Rfc8 15. b3 axb3 16. axb3 Re8 17. Kh1 Bg4 18. e5 Bf5 19. Qe3 dxe5 20. fxe5 Nd7 21. Nd5 Rac8 22. Ra1 Qd8 23. Rfd1 e6 24. Nb6 Nxb6 25. Bxb6 Qh4 26. Bf3 Bc2 27. Rd7 Bxb3 28. Qxb3 Bxe5 29. g3 Bxg3 30. Bg1 Rxc4 31. Rf1 Be5 32. Qe3 Bf4 33. Qe2 Rec8 34. Bg2 Rc2 35. Qf3 g5 36. Qxb7 Rb8 37. Qe4 Rbb2 38. Rd8+ Kg7 39. Rxf4 Qxf4 40. Bd4+ Kh6 41. Bxb2 Rc1+ 42. Bxc1 Qxc1+ 0-1

[Event "Olomouc IM-B 25th"]
[Site "Olomouc"]
[Date "2024.08.13"]
[Round "5"]
[White "Leitgeb, Julian"]
[Black "Dukic, Zachary"]
[Result "0-1"]
[WhiteElo "2313"]
[BlackElo "2244"]
[PlyCount "122"]
[EventDate "2024.08.10"]
[EventType "tourn"]
[EventRounds "9"]
[EventCountry "CZE"]
[SourceTitle "CBM 221 Extra"]
[Source "ChessBase"]
[SourceDate "2024.09.30"]
[SourceVersion "1"]
[SourceVersionDate "2024.09.30"]
[SourceQuality "1"]

1. e4 d6 2. d4 Nf6 3. Nc3 e5 4. Nf3 Nbd7 5. Rg1 g6 6. g4 exd4 7. Nxd4 Bg7 8. Be3 0-0 9. g5 Ne8 10. Qd2 c5 11. Nb3 a5 12. a4 Qe7 13. f3 Ne5 14. Be2 Be6 15. Nd5 Bxd5 16. Qxd5 Nc7 17. Qd2 b6 18. 0-0-0 Rad8 19. f4 Nc6 20. Bf3 d5 21. exd5 Nb4 22. d6 Rxd6 23. Qxd6 Qxe3+ 24. Kb1 Ne8 25. Qxb6 Qxf3 26. Qxc5 Qxf4 27. Nxa5 Na6 28. Qc6 Nec7 29. Nb3 Qe5 30. Nd4 Ne6 31. Qxa6 Nxd4 32. Rge1 Qb8 33. c3 Nf3 34. Re3 Nxg5 35. h4 Qf4 36. Red3 Ne6 37. Qc6 Rb8 38. Ka2 Bh6 39. b4 Qf2+ 40. Kb1 Qxh4 41. Qd6 Bf4 42. Qd5 Bc7 43. Kc2 Qf6 44. Qe4 Ng7 45. a5 Nf5 46. Rd7 Bg3 47. R1d3 h5 48. Qc4 h4 49. a6 Bf2 50. Kb3 Kg7 51. Rb7 Rxb7 52. axb7 Ba7 53. Qc8 Qe5 54. Qa8 Qe6+ 55. Ka3 Qa6+ 56. Kb2 Qxd3 57. Qxa7 Qd2+ 58. Kb3 Qd1+ 59. Kb2 Nd6 60. b8Q Nc4+ 61. Ka2 Qc2+ 0-1

[Event "AUT-ch"]
[Site "Linz"]
[Date "2024.07.31"]
[Round "5"]
[White "Leitgeb, Julian"]
[Black "Horvath, Dominik"]
[Result "0-1"]
[WhiteElo "2328"]
[BlackElo "2561"]
[PlyCount "142"]
[EventDate "2024.07.27"]
[EventType "swiss"]
[EventRounds "9"]
[EventCountry "AUT"]
[SourceTitle "CBM 221 Extra"]
[Source "ChessBase"]
[SourceDate "2024.09.30"]
[SourceVersion "1"]
[SourceVersionDate "2024.09.30"]
[SourceQuality "1"]

1. e4 c5 2. Nf3 Nc6 3. d4 cxd4 4. Nxd4 Nf6 5. Nc3 d6 6. Bg5 e6 7. Qd2 a6 8. 0-0-0 Be7 9. f4 Bd7 10. Nf3 b5 11. Bxf6 gxf6 12. Kb1 h5 13. f5 Qb6 14. g3 b4 15. Ne2 Qf2 16. Ned4 Qxd2 17. Rxd2 Ne5 18. Bh3 Ng4 19. Nh4 Rg8 20. Ng2 Rc8 21. Re1 a5 22. Nf3 Ne5 23. Nd4 Nc4 24. Rdd1 e5 25. Nf3 Bc6 26. Nd2 Nxd2+ 27. Rxd2 Kd7 28. b3 Kc7 29. Nh4 Bf8 30. Bf1 Bh6 31. Rdd1 Rg4 32. Bg2 Kd7 33. Bf3 Rg5 34. Ng2 Rxf5 35. Nh4 Rg5 36. Bg2 Ke7 37. Bh3 Bd7 38. Bxd7 Kxd7 39. Nf5 Bf8 40. Rd5 Ra8 41. Red1 Rg4 42. Nxd6 Bxd6 43. Rxd6+ Ke7 44. Rb6 Rxe4 45. Rb7+ Ke6 46. Rb6+ Kf5 47. Rf1+ Kg4 48. Rbxf6 Re2 49. Rxf7 Rc8 50. Rg7+ Kh3 51. Rg5 Rcxc2 52. Rxh5+ Kg2 53. Re1 Rb2+ 54. Ka1 Rxa2+ 55. Kb1 Rxe1+ 56. Kxa2 e4 57. Kb2 Rd1 58. Kc2 Rd4 59. Re5 Kxh2 60. g4 Kg3 61. g5 Kf4 62. Rxa5 e3 63. Ra8 Kxg5 64. Rf8 Kg4 65. Rf7 Kg3 66. Rf8 e2 67. Re8 Kf2 68. Rf8+ Ke3 69. Re8+ Re4 70. Rxe4+ Kxe4 71. Kd2 Ke5 0-1

[Event "AUT-ch"]
[Site "Linz"]
[Date "2024.07.30"]
[Round "4"]
[White "Bauer, Sebastian"]
[Black "Leitgeb, Julian"]
[Result "1/2-1/2"]
[WhiteElo "2324"]
[BlackElo "2328"]
[PlyCount "62"]
[EventDate "2024.07.27"]
[EventType "swiss"]
[EventRounds "9"]
[EventCountry "AUT"]
[SourceTitle "CBM 221 Extra"]
[Source "ChessBase"]
[SourceDate "2024.09.30"]
[SourceVersion "1"]
[SourceVersionDate "2024.09.30"]
[SourceQuality "1"]

1. e4 c5 2. Nf3 d6 3. d4 cxd4 4. Nxd4 Nf6 5. Nc3 a6 6. h3 e5 7. Nf3 Be7 8. g4 h6 9. g5 hxg5 10. Nxg5 b5 11. Rg1 Bb7 12. Be3 Qc7 13. Qd2 Nbd7 14. 0-0-0 b4 15. Nd5 Nxd5 16. exd5 Nf6 17. Bg2 Bc8 18. Bf1 Bf5 19. Bd3 Bxd3 20. Qxd3 Rc8 21. Kb1 Qc4 22. a4 Qxd3 23. Rxd3 Nd7 24. Bd2 a5 25. b3 Bxg5 26. Rxg5 g6 27. f4 Rh4 28. Rg4 Rh5 29. Rg5 Rh4 30. Rg4 Rh5 31. Rg5 Rh4 1/2-1/2

[Event "AUT-ch"]
[Site "Linz"]
[Date "2024.07.28"]
[Round "2"]
[White "Wu, Chenshan"]
[Black "Leitgeb, Julian"]
[Result "0-1"]
[WhiteElo "2044"]
[BlackElo "2328"]
[PlyCount "114"]
[EventDate "2024.07.27"]
[EventType "swiss"]
[EventRounds "9"]
[EventCountry "AUT"]
[SourceTitle "CBM 221 Extra"]
[Source "ChessBase"]
[SourceDate "2024.09.30"]
[SourceVersion "1"]
[SourceVersionDate "2024.09.30"]
[SourceQuality "1"]

1. d4 Nf6 2. c4 e6 3. Nc3 Bb4 4. Qc2 d6 5. Nf3 Nbd7 6. Bg5 h6 7. Bh4 b6 8. e3 Bb7 9. Bd3 Bxc3+ 10. Qxc3 g5 11. Bg3 Ne4 12. Bxe4 Bxe4 13. 0-0-0 Qe7 14. Ne1 Bb7 15. f3 0-0-0 16. Nd3 f5 17. c5 dxc5 18. dxc5 Nxc5 19. Nxc5 Qxc5 20. Qxc5 bxc5 21. Be5 Rxd1+ 22. Rxd1 Rg8 23. Kc2 g4 24. fxg4 Rxg4 25. g3 Ra4 26. a3 Re4 27. Bf4 h5 28. Bg5 Bd5 29. Bf4 Kd7 30. b3 a5 31. Kc3 Kc6 32. Rc1 a4 33. bxa4 Rxa4 34. Kb2 Ra8 35. Rc3 Rb8+ 36. Ka1 Rb7 37. h4 Bb3 38. Kb2 c4 39. Bg5 Kd5 40. Kc1 Ra7 41. Kb2 Ke4 42. Bh6 Ra6 43. Bg5 Rd6 44. Rc1 Rd2+ 45. Kc3 Rg2 46. Ra1 c5 47. Rc1 Rxg3 48. Rb1 Rg2 49. Rb2 Rxb2 50. Kxb2 Kd3 51. Bf4 Ba4 52. Bg5 c3+ 53. Kc1 c2 54. Bf4 c4 55. Bg5 Ke2 56. Kb2 Kd1 57. e4 fxe4 0-1